[Event "DSOL 04 Liga Gr-C 1st"]
[Site "Playchess.com INT"]
[Date "2020.07.07"]
[Round "3.3"]
[White "Huettmann, Jens"]
[Black "Wegner, Florian"]
[Result "0-1"]
[WhiteElo "1625"]
[BlackElo "1803"]
[PlyCount "50"]
[EventDate "2020.06.22"]
[EventType "team-tourn (rapid)"]
[EventCountry "GER"]
[SourceTitle "EXT 2021"]
[Source "ChessBase"]
[SourceDate "2020.10.23"]
[SourceVersion "1"]
[SourceVersionDate "2020.10.23"]
[SourceQuality "1"]
[WhiteTeam "Hamburger SK IV"]
[BlackTeam "Segeberg SF"]
[WhiteTeamCountry "GER"]
[BlackTeamCountry "GER"]

1. d4 Nf6 2. c4 c5 3. d5 b5 4. e3 g6 5. cxb5 a6 6. Nc3 d6 7. Bd3 Bg7 8. Nge2 0-0 9. 0-0 e6 10. e4 Bb7 11. Bc4 axb5 12. Bxb5 Qb6 13. a4 Na6 14. Bf4 exd5 15. exd5 Nb4 16. Bc4 Rfe8 17. Qd2 Ne4 18. Nxe4 Rxe4 19. Rfc1 Ba6 20. Bxa6 Qxa6 21. Nc3 Bxc3 22. Rxc3 Rd4 23. Qe3 Nxd5 24. Qg3 Nxf4 25. Re1 Ne2+ 0-1

[Event "Kiel Cup U20"]
[Site "Kiel"]
[Date "2012.10.05"]
[Round "3"]
[White "Kramer, Viktorian"]
[Black "Wegner, Florian"]
[Result "0-1"]
[WhiteElo "1504"]
[BlackElo "1766"]
[PlyCount "46"]
[EventDate "2012.10.??"]
[EventType "swiss"]
[EventRounds "7"]
[EventCountry "GER"]
[SourceTitle "EXT 2015"]
[Source "ChessBase"]
[SourceDate "2014.11.20"]
[SourceVersion "1"]
[SourceVersionDate "2014.11.20"]
[SourceQuality "1"]

1. d4 Nf6 2. c4 c5 3. Nf3 cxd4 4. Nxd4 b6 5. e3 Bb7 6. Nc3 e6 7. Nf3 a6 8. a4 Qc7 9. h3 Be7 10. Bd3 d6 11. 0-0 Nbd7 12. Re1 0-0 13. e4 Rac8 14. Bd2 Nc5 15. Bc2 Rfd8 16. b3 Qb8 17. e5 dxe5 18. Nxe5 Qa8 19. f3 Bd6 20. Qe2 Bxe5 21. Qxe5 Rxd2 22. Bb1 Qb8 23. Qe3 Qd6 0-1

[Event "Schleswig Holstein-ch Kandidaten"]
[Site "Schleswig Holstein"]
[Date "2012.06.??"]
[Round "6"]
[White "Bahr, Torsten"]
[Black "Wegner, Florian"]
[Result "1-0"]
[WhiteElo "1927"]
[BlackElo "1751"]
[PlyCount "43"]
[EventDate "2012.06.05"]
[EventType "swiss"]
[EventRounds "9"]
[EventCountry "GER"]
[SourceTitle "EXT 2022"]
[Source "ChessBase"]
[SourceDate "2021.10.06"]
[SourceVersion "1"]
[SourceVersionDate "2021.10.06"]
[SourceQuality "1"]

1. Nc3 e5 2. Nf3 Nc6 3. d4 exd4 4. Nxd4 Bb4 5. Qd3 Nge7 6. e4 d5 7. Nxc6 bxc6 8. Bd2 0-0 9. 0-0-0 Be6 10. a3 Bd6 11. f4 dxe4 12. Qxe4 Rb8 13. Bd3 Bf5 14. Qf3 Bxd3 15. Qxd3 Nd5 16. g3 Be7 17. Be3 Bf6 18. Bd4 Re8 19. Qf3 Bxd4 20. Rxd4 Qf6 21. Rhd1 Re1 22. Rxd5 1-0

[Event "Hamburg St Pauli op-B"]
[Site "Hamburg"]
[Date "2011.07.09"]
[Round "1"]
[White "Skambraks, Torge"]
[Black "Wegner, Florian"]
[Result "1/2-1/2"]
[WhiteElo "1461"]
[BlackElo "1753"]
[PlyCount "49"]
[EventDate "2011.07.09"]
[EventType "swiss"]
[EventRounds "9"]
[EventCountry "GER"]
[SourceTitle "CBM 143 Extra"]
[Source "ChessBase"]
[SourceDate "2011.08.29"]
[SourceVersion "1"]
[SourceVersionDate "2011.08.29"]
[SourceQuality "1"]

1. e4 e6 2. d4 d5 3. exd5 exd5 4. Bd3 Bd6 5. c3 Nc6 6. Nf3 Nge7 7. 0-0 Bg4 8. Re1 Qd7 9. Nbd2 f6 10. b3 0-0-0 11. Qc2 h5 12. Bb2 g5 13. a3 h4 14. c4 Bxf3 15. Nxf3 g4 16. Nd2 Kb8 17. cxd5 Nxd5 18. Bf5 Qg7 19. Ne4 Nde7 20. Nxd6 Rxd6 21. Rad1 Nxf5 22. Qxf5 g3 23. fxg3 hxg3 24. h3 Qf7 25. Qf3 1/2-1/2

[Event "Schleswig Holstein-ch U18"]
[Site "Neumuenster"]
[Date "2011.04.28"]
[Round "6.2"]
[White "Seel, Christopher"]
[Black "Wegner, Florian"]
[Result "1/2-1/2"]
[WhiteElo "1590"]
[BlackElo "1646"]
[PlyCount "104"]
[EventDate "2011.04.25"]
[EventType "tourn"]
[EventRounds "9"]
[EventCountry "GER"]
[SourceTitle "EXT 2022"]
[Source "ChessBase"]
[SourceDate "2021.10.06"]
[SourceVersion "1"]
[SourceVersionDate "2021.10.06"]
[SourceQuality "1"]

1. e4 e6 2. d4 d5 3. Nc3 Nf6 4. e5 Nfd7 5. f4 c5 6. Nf3 Nc6 7. Be3 cxd4 8. Nxd4 Bc5 9. Qd2 0-0 10. 0-0-0 a6 11. g3 Bxd4 12. Bxd4 b5 13. Kb1 b4 14. Na4 a5 15. Bb5 Qc7 16. Bxc6 Qxc6 17. b3 Ba6 18. Qf2 Rfc8 19. Rd2 Bb5 20. Nb6 Nxb6 21. Bxb6 a4 22. Bd4 axb3 23. cxb3 Qa6 24. Ka1 Bd3 25. Rhd1 Qa3 26. Rb2 Be4 27. Qd2 Rc6 28. Rc1 Rac8 29. Rxc6 Rxc6 30. Qd1 Qa5 31. Rf2 g6 32. Qd2 Rc2 33. Qxc2 Bxc2 34. Rxc2 Qb5 35. Bc5 Kg7 36. Be7 Qb7 37. Bd6 d4 38. Bc5 d3 39. Rd2 Qe4 40. Kb2 Kh6 41. a3 bxa3+ 42. Kxa3 Kh5 43. Kb2 Kg4 44. Kc3 Kh3 45. b4 g5 46. b5 gxf4 47. gxf4 Qxf4 48. Rxd3+ Kxh2 49. Rd2+ Kg3 50. Rd3+ Kg2 51. Rd2+ Kg3 52. Rd3+ Kg2 1/2-1/2

[Event "Schleswig Holstein-ch U18"]
[Site "Neumuenster"]
[Date "2011.04.26"]
[Round "3.5"]
[White "Marx, Joschka"]
[Black "Wegner, Florian"]
[Result "1-0"]
[WhiteElo "2035"]
[BlackElo "1646"]
[PlyCount "85"]
[EventDate "2011.04.25"]
[EventType "tourn"]
[EventRounds "9"]
[EventCountry "GER"]
[SourceTitle "EXT 2022"]
[Source "ChessBase"]
[SourceDate "2021.10.06"]
[SourceVersion "1"]
[SourceVersionDate "2021.10.06"]
[SourceQuality "1"]

1. Nf3 Nf6 2. g3 d5 3. Bg2 c6 4. 0-0 Bg4 5. d3 Nbd7 6. Nbd2 e5 7. e4 Bd6 8. c3 0-0 9. Qc2 Re8 10. Re1 Nf8 11. h3 Bh5 12. Nh4 Qd7 13. Nf5 Bc7 14. Nf1 Bg6 15. Nh4 d4 16. Bg5 Nh5 17. Rad1 h6 18. Bc1 Rad8 19. Nh2 Nf6 20. Nxg6 Nxg6 21. Nf3 c5 22. Rf1 b5 23. c4 b4 24. Nh2 Rf8 25. Qe2 Rde8 26. Ng4 Nxg4 27. hxg4 f6 28. Bh3 Kf7 29. Kg2 Qd6 30. Qf3 Ke7 31. Qf5 Nh8 32. Qh7 Rf7 33. f4 Qa6 34. g5 exf4 35. g6 Nxg6 36. Qxg6 fxg3 37. Rf5 Qa4 38. Rd2 Qc6 39. Rd5 Kf8 40. Re2 Re5 41. Bf4 Rxd5 42. exd5 Qa8 43. Qh7 1-0